The biology and ecology of ticks shape the potential for the transmission of zoonotic pathogens (Record no. 22352)
[ view plain ]
| 000 -LEADER | |
|---|---|
| fixed length control field | 00612nam a2200133Ia 4500 |
| 008 - FIXED-LENGTH DATA ELEMENTS--GENERAL INFORMATION | |
| fixed length control field | 220620s9999||||xx |||||||||||||| ||und|| |
| 022 ## - INTERNATIONAL STANDARD SERIAL NUMBER | |
| International Standard Serial Number | 16648714 |
| 100 ## - MAIN ENTRY--PERSONAL NAME | |
| Personal name | Agustin Estrada-Pena||Jose De La Fuente |
| 245 #4 - TITLE STATEMENT | |
| Title | The biology and ecology of ticks shape the potential for the transmission of zoonotic pathogens |
| 546 ## - LANGUAGE NOTE | |
| Language note | English[eng] |
| 650 ## - SUBJECT ADDED ENTRY--TOPICAL TERM | |
| Topical term or geographic name entry element | Review Literature as Topic||Ticks||tick-transmitted pathogens||Ecology||Epidemiology |
| 856 ## - ELECTRONIC LOCATION AND ACCESS | |
| Uniform Resource Identifier | <a href="http://journal.frontiersin.org/researchtopic/1281/the-biology-and-ecology-of-ticks-shape-the-potential-for-the-transmission-of-zoonotic-pathogens">http://journal.frontiersin.org/researchtopic/1281/the-biology-and-ecology-of-ticks-shape-the-potential-for-the-transmission-of-zoonotic-pathogens</a> |
| 942 ## - ADDED ENTRY ELEMENTS (KOHA) | |
| Koha item type | E-Books |
| Withdrawn status | Lost status | Damaged status | Not for loan | Home library | Current library | Date acquired | Total Checkouts | Date last seen | Price effective from | Koha item type |
|---|---|---|---|---|---|---|---|---|---|---|
| Kerala University of Digital Sciences, Innovation and Technology Knowledge Centre | Kerala University of Digital Sciences, Innovation and Technology Knowledge Centre | 20/06/2022 | 20/06/2022 | 20/06/2022 | E-Books |